000 00285nam a2200109Ia 4500
008 210107s9999 xx 000 0 und d
100 _aISO
245 0 _aEnvironmental Management-Life Cycle Assessment - Data Documentation Format
260 _aGeneva
_bISO
300 _a41
942 _cBK
999 _c10887
_d10887